Pokemon Type Glace - Aléatoire - Statistiques

Statistiques générales
  • Ce quiz a été pris 19 fois
  • Le résultat moyen est 21 sur 25
Statistiques - réponses
Par images Réponse % Correct
Amagara
100%
Arceus (Plaque Glace)
100%
Artikodin
100%
Blizzaroi
100%
Blizzi
100%
Cadoizo
100%
Crustabri
100%
Farfuret
100%
Feunard d'Alola
100%
Givrali
100%
Kyurem
100%
Lamantine
100%
Lippoutou
100%
Lokhlass
100%
Mammochon
100%
Marcacrin
100%
Méga-Blizzaroi
100%
Méga-Oniglali
100%
Motisma (Froid)
100%
Obalie
100%
Phogleur
100%
Polagriffe
100%
Polarhume
100%
Sabelette d'Alola
100%
Sablaireau d'Alola
100%
Silvallié (ROM Glace)
100%
Sorbébé
100%
Sorbouboul
100%
Stalgamin
100%
Grelaçon
88%
Kaimorse
88%
Momartik
88%
Sorboul
88%
Beldeneige
86%
Goupix d'Alola
86%
Hexagel
86%
Frissonille
83%
Galvagla
83%
Lippouti
83%
Morphéo (Forme Blizzard)
83%
Darumarond de Galar
82%
Dimoret
80%
Balbalèze
75%
Oniglali
75%
Regice
71%
Darumacho de Galar
70%
Baojian
67%
Blizzeval
67%
Frigodo
67%
Séracrawl
67%
Séracrawl de Hisui
67%
Bekaglaçon
63%
Cryodo
57%
Hotte-de-Fer
57%
Sylveroy (Cavalier du Froid)
55%
Cochignon
50%
Crabominable
50%
Dragmara
50%
Glaivodo
50%
Hydragla
50%
Piétacé
50%
Darumacho de Galar (Mode Transe)
43%
M. Glaquette
43%
M. Mime de Galar
25%
Aucun quiz correspondant
Distribution des résultats
% des personnes avec chaque résultat
Percentile par nombre de réponses
Votre historique - résultats
Vous n’avez pas pris ce quiz